| 000 | 00676nam a2200205 i 4500 | ||
|---|---|---|---|
| 001 | bg | ||
| 245 | 0 | 4 |
_aThe New Encyclopaedia Britannica : _bin 32 volumes. _n[Prop.], _pPropaedia - outline of knowledge and guide to the Britannica / _c[Robert McHenry editor in chief et al.]. |
| 250 | _a15th ed. | ||
| 260 |
_aChicago [et al.] : _bEncyclopaedia Britannica, _c1995. |
||
| 300 |
_a[2], 745, [1] s., 14 k. tabl. kolor. : _bil. ; _c29 cm. |
||
| 650 | 9 | _aEncyklopedia | |
| 700 | 1 |
_aMcHENRY, Robert _eRed. |
|
| 020 | _a0852296053 | ||
| 040 | _cBPK | ||
| 041 | 0 | _aen | |
| 080 | _a0/9(03) | ||
| 920 | _a0-85229-605-3 | ||
| 942 | _cKS | ||
| 008 | s pl f |000 0 pol | ||
| 999 |
_c33108 _d33108 |
||
| 856 |
_uhttp://koha.tu.koszalin.pl/cgi-bin/koha/opac-detail.pl?biblionumber=33108 _yKatalog online BPK |
||